|
|
|
|
| LEADER |
00000nam0a2200000 4500 |
| 001 |
287990 |
| 005 |
20231102000038.0 |
| 035 |
|
|
|a (RuTPU)RU\TPU\book\312435
|
| 090 |
|
|
|a 287990
|
| 100 |
|
|
|a 20150320d1964 k y0rusy50 ca
|
| 101 |
0 |
|
|a rus
|
| 102 |
|
|
|a RU
|
| 105 |
|
|
|a a z 001zy
|
| 200 |
1 |
|
|a Нейтронные методы поисков и анализа борного сырья
|f В. И. Баранов [и др.]
|g Академия наук СССР (АН СССР), Институт геохимии и аналитической химии им. В. И. Вернадского (ГЕОХИ РАН)
|
| 210 |
|
|
|a Москва
|c Наука
|d 1964
|
| 215 |
|
|
|a 140 с.
|c ил.
|
| 320 |
|
|
|a Библиогр.: с. 136-138.
|
| 606 |
1 |
|
|a Борные месторождения
|2 stltpush
|3 (RuTPU)RU\TPU\subj\30093
|9 53268
|
| 610 |
1 |
|
|a поиск
|
| 610 |
1 |
|
|a анализ
|
| 610 |
1 |
|
|a нейтронные методы
|
| 610 |
1 |
|
|a нейтроны
|
| 610 |
1 |
|
|a регистрация
|
| 610 |
1 |
|
|a аппаратура
|
| 610 |
1 |
|
|a абсорбционный анализ
|
| 610 |
1 |
|
|a нейтронный каротаж
|
| 610 |
1 |
|
|a опробование
|
| 675 |
|
|
|a 553.637
|v 3
|
| 701 |
|
1 |
|a Баранов
|b В. И.
|
| 701 |
|
1 |
|a Барсуков
|b В. Л.
|
| 701 |
|
1 |
|a Иванова
|b В. Ф.
|
| 701 |
|
1 |
|a Христианов
|b В. К.
|
| 712 |
0 |
2 |
|a Академия наук СССР (АН СССР)
|b Институт геохимии и аналитической химии им. В. И. Вернадского (ГЕОХИ РАН)
|c (Москва)
|2 stltpush
|3 (RuTPU)RU\TPU\col\11383
|
| 801 |
|
1 |
|a RU
|b 63413507
|c 20150320
|
| 801 |
|
2 |
|a RU
|b 63413507
|c 20210224
|g RCR
|
| 942 |
|
|
|c BK
|